[Event "Brno festival"]
[Site "?"]
[Date "2015.08.27"]
[Round "6"]
[White "Lanc, Alois"]
[Black "Chudinovskikh, Alexander"]
[Result "0-1"]
[WhiteElo "2290"]
[BlackElo "2275"]
[PlyCount "56"]

1. e4 e5 2. Nf3 Nc6 3. Bb5 a6 4. Ba4 Nf6 5. O-O Be7 6. Re1 b5 7. Bb3 O-O 8. d4
d6 9. c3 Bg4 10. d5 Na5 11. Bc2 c6 12. h3 Bc8 13. dxc6 Qc7 14. Nbd2 Qxc6 15.
Nf1 Nc4 16. b3 Nb6 17. Bb2 Re8 18. Ng3 g6 19. Rc1 Bf8 20. Bd3 Bb7 21. Nh2 h5
22. Nf3 Bh6 23. Rc2 Rad8 24. Bc1 Bf4 25. c4 bxc4 26. bxc4 Na4 27. Ne2 Bxc1 {
Diagram #} 28. Rxc1 Nb2 0-1

[Event "Brno festival"]
[Site "?"]
[Date "2015.08.27"]
[Round "6"]
[White "Skacelik, Petr"]
[Black "Dvorak, Adam"]
[Result "1/2-1/2"]
[WhiteElo "2172"]
[BlackElo "2230"]
[PlyCount "39"]

1. d4 Nf6 2. c4 c5 3. d5 e6 4. Nc3 exd5 5. cxd5 d6 6. e4 g6 7. h3 Bg7 8. Nf3
O-O 9. Bd3 b5 10. Bxb5 Nxe4 11. Nxe4 Qa5+ 12. Nfd2 Qxb5 13. Nxd6 Qa6 14. N2c4
Nd7 15. O-O Ne5 16. Nxc8 ({RR} 16. Nxe5 Qxd6 17. Nc4 Qa6 18. Qb3 Bb7 19. Rd1
Bd4 20. Ne3 {1/2 Wang Yue (2736)-Gashimov,V (2704)/Kallithea 2008/CBM 127})
16... Raxc8 17. Nxe5 Bxe5 18. Be3 $146 {Diagram #} ({RR} 18. Re1 Rfe8 ({RR} 
18... Qd6 19. Bh6 Rfd8 20. Qe2 Bd4 21. Qf3 Bxb2 22. Rab1 Bg7 23. Bf4 Qf6 24.
Qe4 Qd4 25. Qf3 Qf6 26. Qe4 Qd4 27. Qf3 Qf6 28. Qe4 Qd4 29. Qf3 {
1/2 Blagojevic,D (2516)-Nikolov,M (2589)/Valjevo 2011/CBM 144 Extra}) 19. Bg5
Bd4 20. Rb1 ({RR} 20. Qd2 Qd6 21. Rxe8+ Rxe8 22. Rd1 Qxd5 23. Be3 Qxa2 {
1/2 Hammes,M (2391)-Butkiewicz,L (2435)/Torres Vedras 2011/CBM 143 Extra})
20... Qd6 21. Qf3 Bxb2 22. Bf4 Be5 23. Rxe5 Rxe5 24. Rd1 Rce8 25. Bxe5 Rxe5 26.
Qd3 h5 {1/2 Blagojevic,D (2514)-Colovic,A (2451)/Porto Carras 2011/EXT 2012})
18... Bxb2 19. Rb1 Qf6 20. Qb3 {(R)} 1/2-1/2

[Event "Brno festival"]
[Site "?"]
[Date "2015.08.27"]
[Round "6"]
[White "Vechet, Stanislav"]
[Black "Zuziak, Petr"]
[Result "1-0"]
[WhiteElo "2168"]
[BlackElo "1985"]
[PlyCount "67"]

1. d4 Nf6 2. c4 g6 3. Nc3 d5 4. Nf3 Bg7 5. e3 O-O 6. b4 c6 7. Bb2 Bg4 8. Rc1
Ne4 9. Qb3 Bxf3 10. gxf3 Nxc3 11. Bxc3 e6 12. a4 Nd7 13. f4 Nf6 14. Bg2 Rc8 15.
O-O dxc4 16. Qxc4 Nd5 17. Bd2 Qd7 18. Rfd1 Rfd8 19. Qb3 Ne7 20. Be1 Qd6 21. b5
Nd5 22. bxc6 bxc6 23. Qb7 Rc7 24. Qa6 Bf8 25. Ba5 Nb6 26. Bxb6 axb6 27. Qxb6
Rdc8 28. a5 c5 29. dxc5 Qxb6 30. axb6 Rxc5 31. Rxc5 Rxc5 32. b7 Rb5 33. Bc6 Rb6
34. Rd8 1-0

[Event "Brno festival"]
[Site "?"]
[Date "2015.08.27"]
[Round "6"]
[White "Pokorny, Petr"]
[Black "Licka, Vlastimil"]
[Result "1-0"]
[WhiteElo "2164"]
[BlackElo "1950"]
[PlyCount "123"]

1. d4 Nf6 2. c4 e6 3. Nc3 d5 4. cxd5 exd5 5. Bg5 Be7 6. e3 c6 7. Qc2 Nbd7 8.
Nf3 O-O 9. Bd3 Re8 10. O-O Nf8 11. h3 Ne4 12. Bf4 Nxc3 13. Qxc3 Bd6 14. Bxd6
Qxd6 15. b4 a6 16. a4 Qf6 17. Ne5 Qh6 18. b5 cxb5 19. axb5 Be6 20. bxa6 bxa6
21. Rfb1 Rec8 22. Qd2 f6 23. Nf3 Rc6 24. Ra5 Nd7 25. Rba1 Qh5 26. Qe2 g5 27.
Rxa6 Rcxa6 28. Rxa6 Rxa6 29. Bxa6 Qf7 30. Nd2 h6 31. Nb3 Qe7 32. Qh5 Kg7 33.
Bd3 Qf7 34. Qf3 f5 35. Qe2 Qe7 36. Qc2 Kf6 37. Nc5 Qd6 38. Nxe6 Qxe6 39. Qc8
Ke7 40. Bb5 Nf6 41. Qh8 Ng8 42. Qg7+ Qf7 43. Qe5+ Kf8 44. Bc6 Ne7 45. Bd7 Qg7
46. Qd6 f4 47. Be6 Qf6 48. Qd8+ Kg7 49. Bxd5 fxe3 50. fxe3 g4 51. hxg4 Qg5 52.
Bf3 Qxe3+ 53. Kh2 Kf7 54. Qd6 Qg5 55. Qg3 Ng6 56. d5 Nf4 57. Be4 Ke7 58. Qa3+
Kd8 59. Qd6+ Ke8 60. g3 Qxg4 61. Qxf4 Qh5+ 62. Qh4 1-0

[Event "Brno festival"]
[Site "?"]
[Date "2015.08.27"]
[Round "6"]
[White "Markovic, Ivan"]
[Black "Janous, Petr"]
[Result "1-0"]
[WhiteElo "2157"]
[BlackElo "1883"]
[PlyCount "57"]

1. e4 e5 2. Bc4 Nf6 3. Qe2 Nc6 4. Nf3 h6 5. c3 Be7 6. O-O O-O 7. d4 d6 8. h3
exd4 9. cxd4 d5 10. exd5 Nxd5 11. Nc3 Be6 12. Bb5 Nxc3 13. bxc3 Na5 14. Bd3 Bd5
15. Ne5 Nc6 16. Bf4 Nxe5 17. Bxe5 Bf6 18. c4 Bxe5 19. Qxe5 Bc6 20. d5 Bd7 21.
c5 Re8 22. Qf4 b6 23. c6 Bxc6 24. dxc6 Qxd3 25. Qxc7 Rec8 26. Qb7 Qd6 27. Rad1
Qxc6 28. Rd8+ Kh7 29. Qxc6 1-0

[Event "Brno festival"]
[Site "?"]
[Date "2015.08.27"]
[Round "6"]
[White "Tovarek, Antonin"]
[Black "Meszaros, Ludek"]
[Result "1-0"]
[WhiteElo "1972"]
[BlackElo "2123"]
[PlyCount "131"]

1. e4 c5 2. c3 d6 3. d4 Nf6 4. dxc5 Nc6 5. Qc2 dxc5 6. Nf3 Bg4 7. Nbd2 e6 8.
Bb5 Qc7 9. O-O Nd7 10. b3 Be7 11. Bb2 O-O 12. h3 Bh5 13. Bxc6 Qxc6 14. Rae1 b5
15. c4 b4 16. Nh2 e5 17. Ndf3 f6 18. Nh4 Rfd8 19. g4 Bf7 20. Nf5 {Diagram #}
Bf8 {(R)} 21. Nf3 Be6 22. N3h4 a5 23. Ne3 a4 24. Nd5 axb3 25. axb3 Ra2 26. Nf5
Bxf5 27. gxf5 Nb6 28. Kh2 Nxd5 29. cxd5 Qb5 30. Rg1 Rc8 31. Rc1 Bd6 32. Rg2 Qa6
33. f3 c4 34. bxc4 Bc5 35. Qb3 Ra8 36. Qd3 Qb6 37. Rd1 R8a6 38. Qb3 Qd6 39.
Rdd2 Bd4 40. h4 h5 41. Rc2 Bc5 42. Rg6 Qb6 43. Rcg2 Bf8 44. d6 Kh7 45. c5 Rxb2
46. Qxb2 Qxc5 47. Qb3 Ra7 48. Rxf6 Bxd6 49. Rf7 Bf8 50. Qe6 Rxf7 51. Qxf7 Qe3
52. Qxh5+ Kg8 53. Qg4 b3 54. f6 Qh6 55. Qe6+ Kh7 56. Qf5+ g6 57. Qd7+ Kh8 58.
Qg4 Kh7 59. Rb2 Qc1 60. Qd7+ Kh8 61. Qd2 Qc4 62. Qe3 Qe6 63. Qg5 Kh7 64. h5 Bc5
65. Qxg6+ Kh8 66. Qg7# 1-0

[Event "Brno festival"]
[Site "?"]
[Date "2015.08.27"]
[Round "6"]
[White "Musil, Jiri"]
[Black "Straka, Vojtech"]
[Result "1/2-1/2"]
[WhiteElo "2122"]
[BlackElo "1770"]
[PlyCount "60"]

1. d4 d5 2. c4 e6 3. Nc3 Nf6 4. cxd5 Nxd5 5. e4 Nxc3 6. bxc3 c5 7. Nf3 cxd4 8.
cxd4 Nc6 9. a3 Bd6 10. Bd3 h6 11. O-O a6 12. e5 Be7 13. Bb1 Bg5 14. Nxg5 hxg5
15. Be3 Qd5 16. Qg4 f6 17. Bg6+ Ke7 18. Be4 Qd7 19. Bxc6 Qxc6 20. Rac1 Qd7 21.
f4 f5 22. Qxg5+ Kf8 23. d5 exd5 {Diagram #} 24. Bb6 Qe8 25. Rc7 Bd7 26. Rxb7
Rb8 27. Bc5+ Kg8 28. Rfb1 Rxb7 29. Rxb7 Qc8 30. Qe7 Qxb7 {(R)} 1/2-1/2

[Event "Brno festival"]
[Site "?"]
[Date "2015.08.27"]
[Round "6"]
[White "Popper, Tomas"]
[Black "Krajicek, Filip"]
[Result "1-0"]
[WhiteElo "2034"]
[BlackElo "1663"]
[PlyCount "55"]

1. b4 a5 2. b5 c5 3. bxc6 bxc6 4. Nf3 Ba6 5. g3 Nf6 6. Bg2 d5 7. O-O e6 8. d3
Bd6 9. Bb2 O-O 10. Nbd2 Nbd7 11. c4 Rb8 12. Rb1 Qc7 13. Qc2 Rb7 14. Bc3 Rfb8
15. Rxb7 Rxb7 16. Rb1 dxc4 17. Nxc4 Bxc4 18. dxc4 Rxb1+ 19. Qxb1 Qb6 20. Qxb6
Nxb6 21. Nd2 a4 22. Bxc6 Kf8 23. Bd4 Bc7 24. c5 Nbd5 25. Bxa4 Ke7 26. Bb5 e5
27. Bb2 Nd7 28. e4 1-0

[Event "Brno festival"]
[Site "?"]
[Date "2015.08.27"]
[Round "6"]
[White "Glozar, Petr"]
[Black "Habina, Martin"]
[Result "0-1"]
[WhiteElo "1588"]
[BlackElo "2010"]
[PlyCount "54"]

1. d4 d5 2. Nf3 Nf6 3. Bg5 Ne4 4. Nbd2 Nxg5 5. Nxg5 e5 6. Ngf3 exd4 7. Nxd4 c5
8. N4f3 Be7 9. e3 O-O 10. Bd3 Nc6 11. c3 Bg4 12. h3 Be6 13. O-O Qc7 14. Rc1
Rad8 15. Bb1 Rfe8 16. Re1 Rd7 17. Nf1 Ne5 18. Nxe5 Qxe5 19. f4 Qf6 20. g4 g6
21. Ng3 Qh4 22. Kg2 Rdd8 23. Rf1 Bd7 24. f5 Bc6 25. fxg6 fxg6 26. Qc2 Bd6 27.
Nh5 Rxe3 0-1

[Event "Brno festival"]
[Site "?"]
[Date "2015.08.27"]
[Round "6"]
[White "Kopecek, Ivan"]
[Black "Zpevakova, Jana"]
[Result "0-1"]
[WhiteElo "1952"]
[BlackElo "1997"]
[PlyCount "145"]

1. d4 Nf6 2. Nf3 c5 3. d5 b5 4. Bg5 Bb7 5. Bxf6 exf6 6. e4 a6 7. c4 b4 8. Bd3
g6 9. Nbd2 Bg7 10. a3 bxa3 11. Rxa3 d6 12. O-O O-O 13. Qc2 Nd7 14. Nb3 Ne5 15.
Be2 Nxf3+ 16. Bxf3 Bc8 17. Na5 f5 18. Nc6 Qe8 19. Re3 f4 20. Re2 Bd7 21. Na5
Rb8 22. b3 Rb6 23. Qa2 Be5 24. Rb1 Qe7 25. h3 Rfb8 26. Bg4 Be8 27. Rd2 h5 28.
Bd1 Qh4 29. Rd3 Bd7 30. Nc6 Bxc6 31. dxc6 Rxc6 32. Qa4 Rcb6 33. Qd7 Qd8 34.
Qxd8+ Rxd8 35. Rd2 Rdb8 36. Ra2 Kg7 37. Bc2 Kf6 38. Kf1 Bc3 39. Rd1 Bd4 40. Ke2
Ke5 41. f3 g5 42. Kd3 Rg8 43. Rh1 f6 44. Bd1 Ke6 45. Re1 Kd7 46. Ra4 Rgb8 47.
Ra3 Kc6 48. Re2 Kb7 49. Rea2 Re8 50. Re2 {(R)} Be3 51. Rc2 Re5 52. Ke2 Bd4 53.
Kf1 Ka7 54. Be2 g4 55. h4 g3 56. Bd3 Re8 57. Be2 Reb8 58. Rca2 Re8 59. Bd3 Re5
60. Rc2 Kb7 61. Ke1 Re8 62. Kd2 Ra8 63. e5 {(R)} dxe5 64. Be4+ Kb8 65. Bxa8
Kxa8 66. Kd3 f5 67. Rca2 Kb7 68. Re2 Rd6 69. Kc2 Be3 70. Ra1 e4 71. fxe4 fxe4
72. Rae1 Rd3 73. Rb1 {a èerný vyhrál.} 0-1

[Event "Brno festival"]
[Site "?"]
[Date "2015.08.27"]
[Round "6"]
[White "Dvorakova, Olga"]
[Black "Stehlik, Jiri"]
[Result "0-1"]
[WhiteElo "1446"]
[BlackElo "1979"]
[PlyCount "84"]

1. e4 d6 2. d4 Nf6 3. Nc3 g6 4. Nf3 Bg7 5. Bg5 c6 6. Be2 O-O 7. Qd2 b5 8. a3
Nbd7 9. Bh6 Qc7 10. Bxg7 Kxg7 11. O-O Bb7 12. Rad1 Rad8 13. Rfe1 a6 14. b4 h6
15. Bd3 e5 16. Na2 exd4 17. Nxd4 c5 18. Nf3 c4 19. Bf1 Rfe8 20. Nc3 Nf8 21. Nd5
Bxd5 22. exd5 N8d7 23. Qc3 Kg8 24. g3 Rxe1 25. Nxe1 Re8 26. Nf3 Qd8 27. Bg2 Nb6
28. Nh4 Qe7 29. Qd4 Nfd7 30. Qd2 Qe2 31. Qc1 Na4 32. Bf3 Qe5 33. Ng2 Qf6 34.
Bg4 Ne5 35. Re1 Rd8 36. Ne3 Nf3+ 37. Bxf3 Qxf3 38. Qd2 Qf6 39. Ng4 Qc3 {
Diagram #} 40. Qxh6 Qxe1+ 41. Kg2 Qe4+ 42. Kh3 Qf5 0-1

[Event "Brno festival"]
[Site "?"]
[Date "2015.08.27"]
[Round "6"]
[White "Kaplan, Milan"]
[Black "Kubala, Karel"]
[Result "0-1"]
[WhiteElo "1815"]
[BlackElo "1955"]
[PlyCount "88"]

1. e4 e6 2. d4 d5 3. Nd2 c5 4. exd5 Qxd5 5. Ngf3 cxd4 6. Bc4 Qc5 7. O-O Nf6 8.
Qe2 Nc6 9. Nb3 Qb6 10. Bf4 Be7 11. Rad1 O-O 12. Nfxd4 Nxd4 13. Rxd4 a5 14. c3
a4 15. Nc1 Bd7 16. Nd3 Bb5 17. Ne5 Bxc4 18. Nxc4 Qb5 19. Qd2 Bc5 20. Nd6 Qc6
21. Rd3 Ra6 22. h3 Nd5 23. Ne4 Be7 24. Be5 f6 25. Bd4 Qc4 26. b3 axb3 27. axb3
Qxb3 28. Rc1 Qc4 29. Ng3 Nf4 30. Re3 Rd8 31. Re4 e5 32. Qc2 Ra2 33. Qb1 Qa6 34.
Qb3+ Kf8 35. Rce1 Ra3 36. Qb1 Nd3 37. Rd1 Nc5 38. Ree1 Ne6 39. Qxh7 Kf7 40. Nf5
Bf8 41. Nh6+ Ke8 42. Qg6+ Kd7 43. Qf7+ Kc8 44. Qxe6+ Qxe6 0-1

[Event "Brno festival"]
[Site "?"]
[Date "2015.08.27"]
[Round "6"]
[White "Kuchynka, Lubos"]
[Black "Blazek, Pavel"]
[Result "1-0"]
[WhiteElo "1980"]
[BlackElo "1769"]
[PlyCount "71"]

1. d4 d5 2. c4 e6 3. Nc3 Nf6 4. cxd5 exd5 5. Bg5 Be7 6. Qc2 c6 7. e3 Nbd7 8.
Bd3 O-O 9. Nf3 Re8 10. O-O Nf8 11. h3 g6 12. g4 Ne6 13. Bh4 Ng7 14. Bg3 h5 15.
g5 Ne4 16. h4 Nxg3 17. fxg3 Bd6 18. e4 Bh3 19. e5 Bxf1 20. Rxf1 Bf8 21. g4 hxg4
22. Nh2 Ne6 23. Qf2 Re7 24. Nxg4 Bg7 25. Nf6+ Bxf6 26. gxf6 Rd7 27. h5 Qb6 28.
Ne2 Qxb2 29. hxg6 Qd2 30. Qf5 Qg5+ 31. Qxg5 Nxg5 32. g7 Ne6 33. Kf2 Nxg7 34.
Rg1 b6 35. Rxg7+ Kf8 36. Bh7 1-0

[Event "Brno festival"]
[Site "?"]
[Date "2015.08.27"]
[Round "6"]
[White "Paulik, Martin"]
[Black "Perutka, Tomas"]
[Result "1/2-1/2"]
[WhiteElo "1891"]
[BlackElo "1756"]
[PlyCount "58"]

1. b4 e5 2. Bb2 d6 3. e3 g6 4. b5 Bg7 5. Nf3 Nf6 6. c4 O-O 7. Be2 h6 8. d4 exd4
9. exd4 a6 10. a4 Be6 11. O-O Nbd7 12. Nbd2 d5 13. Qb3 c5 14. a5 cxd4 15. Bxd4
Ne4 16. Bxg7 Kxg7 17. cxd5 Bf5 18. Nxe4 Bxe4 19. Nd2 Nf6 20. Nxe4 Nxe4 21. Bf3
Nd6 22. b6 Rc8 23. Rfc1 Qe7 24. Qe3 Qf6 25. g3 Nc4 26. Qf4 Qxf4 27. gxf4 Nd6
28. Re1 Rfe8 29. Rxe8 Rxe8 1/2-1/2

[Event "Brno festival"]
[Site "?"]
[Date "2015.08.27"]
[Round "6"]
[White "Zeman, Radek"]
[Black "Vavrinkova, Eliska"]
[Result "1-0"]
[WhiteElo "1866"]
[BlackElo "1695"]
[PlyCount "75"]

1. Nf3 d5 2. d4 Nf6 3. e3 c6 4. c4 a6 5. Nc3 b5 6. c5 Bg4 7. h3 Bh5 8. g4 Bg6
9. Ne5 Nfd7 10. Nxg6 hxg6 11. Qb3 Nf6 12. a4 Nbd7 13. Bg2 e5 14. Ra3 e4 15.
axb5 axb5 16. Qa2 Rxa3 17. Qxa3 Qc8 18. Qa7 Be7 19. Bd2 O-O 20. Ke2 g5 21. Ra1
Qb8 22. Qxb8 Nxb8 23. f3 exf3+ 24. Bxf3 Re8 25. Kd3 Rd8 26. Ra7 Bf8 27. b4 Nfd7
28. Be1 f6 29. Bg3 Kh8 30. Bc7 Rc8 31. e4 Na6 32. Ba5 dxe4+ 33. Bxe4 Ndb8 34.
Bg6 Kg8 35. Ke4 Kh8 36. Kf5 Kg8 37. Ke6 Kh8 38. Kf7 1-0

[Event "Brno festival"]
[Site "?"]
[Date "2015.08.27"]
[Round "6"]
[White "Zitny, Petr"]
[Black "Halamka, Radek"]
[Result "1/2-1/2"]
[WhiteElo "1848"]
[BlackElo "1741"]
[PlyCount "113"]

1. e4 c5 2. Nf3 Nc6 3. Bb5 d6 4. Bxc6+ bxc6 5. d4 cxd4 6. Nxd4 Qc7 7. O-O Nf6
8. Re1 g6 9. Nc3 Bg7 10. Bg5 Rb8 11. Rb1 O-O 12. Qd2 Ba6 13. Kh1 Rfe8 14. Nb3
e6 15. Bf4 e5 16. Bg5 Re6 17. h3 Bc4 18. Rbd1 a5 19. Na4 Bb5 20. Nc3 Bc4 21. f4
exf4 22. Bxf4 Ne8 23. Nc5 Rxb2 24. Nxe6 Bxe6 25. a3 Qe7 26. Rb1 Rxb1 27. Rxb1
d5 28. Rb8 f5 29. exd5 Bxc3 30. Qxc3 Bxd5 31. Bh6 Kf7 32. Qg3 Qe2 33. Rb1 Qxc2
34. Re1 Be4 35. Kh2 Nf6 36. Qc7+ Ke6 37. Qc8+ Ke7 38. Qf8+ Ke6 39. Rg1 Qf2 40.
Qc8+ Kf7 41. Qc7+ Ke6 42. Qg3 Qxg3+ 43. Kxg3 c5 44. Kf2 c4 45. Ke3 Nd5+ 46. Kd4
c3 47. g4 c2 48. Bd2 a4 49. h4 Nf6 50. gxf5+ Bxf5 51. Re1+ Kd6 52. Re5 Nd7 53.
Ra5 Nb6 54. Ra7 h5 55. Rb7 Kc6 56. Rb8 Kc7 57. Re8 {(R)} 1/2-1/2

[Event "Brno festival"]
[Site "?"]
[Date "2015.08.27"]
[Round "6"]
[White "Jurak, Stanislav"]
[Black "Fryda, Dominik"]
[Result "0-1"]
[WhiteElo "1835"]
[BlackElo "1584"]
[PlyCount "98"]

1. d4 Nf6 2. c4 e6 3. Nf3 d5 4. Nc3 c6 5. e3 Nbd7 6. Bd3 dxc4 7. Bxc4 b5 8. Bd3
Bb7 9. a3 a6 10. O-O c5 11. Qe2 Be7 12. b3 O-O 13. Bb2 cxd4 14. exd4 Nd5 15.
Nxd5 Bxd5 16. b4 Nb6 17. Ne5 Qc7 18. f4 Rac8 19. f5 Rfd8 20. Qh5 Bf6 21. fxe6
Bxe6 22. Qxh7+ Kf8 23. Rac1 Qd6 24. Rxc8 Nxc8 25. Be4 Ne7 26. Qh8+ Ng8 27. Qh5
Rc8 28. Qf3 Bxe5 29. dxe5 Qd2 30. Qf2 Qd7 31. Bd4 Rc4 32. Bc5+ Ke8 33. Bf3 g6
34. Rd1 Qc7 35. Qd2 Bd7 36. Bd5 Ne7 37. Bxc4 bxc4 38. Bxe7 Kxe7 39. Qd4 Ke8 40.
Kf2 c3 41. Rc1 c2 42. h3 Ba4 43. g4 f6 44. exf6 Qh2+ 45. Kf3 Qxh3+ 46. Ke2 Qg2+
47. Kd3 Kf7 48. Kc3 Qf3+ 49. Kb2 Qb3+ 0-1

[Event "Brno festival"]
[Site "?"]
[Date "2015.08.27"]
[Round "6"]
[White "Kosina, Vladimir"]
[Black "Dumkova, Daniela"]
[Result "0-1"]
[WhiteElo "1734"]
[BlackElo "1777"]
[PlyCount "140"]

1. d4 Nf6 2. Nf3 e6 3. a3 b6 4. g3 Bb7 5. Bg2 c5 6. e3 d5 7. O-O Nbd7 8. Re1
Ne4 9. Nfd2 Be7 10. f3 Nxd2 11. Bxd2 cxd4 12. exd4 O-O 13. c3 b5 14. Bf1 Qb6
15. Kg2 a5 16. Bd3 Rfc8 17. Qe2 b4 18. axb4 axb4 19. Rxa8 Rxa8 20. Bc1 bxc3 21.
bxc3 Ba6 22. Bxa6 Rxa6 23. Qc2 Qc6 24. Nd2 Bf6 25. Nb3 Qc4 26. Be3 Ra3 27. Rb1
Qa4 28. Rb2 Nb6 29. Nc1 Qxc2+ 30. Rxc2 Nc4 31. Kf2 Be7 32. Bf4 g5 33. Be3 Kg7
34. Ke2 Nxe3 35. Kxe3 h5 36. Kd3 Ra1 37. Kd2 Kg6 38. Ra2 {(R)} Rb1 39. Kc2 Rb7
40. Nd3 f6 41. Ra6 Kf7 42. f4 g4 43. f5 exf5 44. Nf4 Rd7 45. Nxh5 Bd6 46. Nf4
Bxf4 47. gxf4 Kg6 48. Re6 Rh7 49. Re2 Rh3 50. Rf2 Kf7 51. Kb3 Rf3 52. Ra2 Rxf4
53. Ra7+ Kg6 54. Rd7 Rf2 55. Rxd5 Rxh2 56. Rd8 Kf7 57. Rd7+ Ke8 58. Rg7 Kf8 59.
Ra7 f4 60. Kc4 f3 61. Kd5 f2 62. Ra1 g3 63. Ke6 g2 64. d5 f1=Q 65. Ra8+ Kg7 66.
Ke7 Qe2+ 67. Kd6 g1=Q 68. Rc8 Qb6+ 69. Rc6 Qe5+ 70. Kd7 Qb7+ 0-1

[Event "Brno festival"]
[Site "?"]
[Date "2015.08.27"]
[Round "6"]
[White "Barak, David"]
[Black "Effenberger, Adam"]
[Result "0-1"]
[WhiteElo "1625"]
[BlackElo "1785"]
[PlyCount "98"]

1. e4 c5 2. Nf3 e6 3. d4 cxd4 4. Nxd4 a6 5. Nc3 b5 6. Be3 Bb7 7. f3 Be7 8. Qd2
d6 9. Bd3 Nf6 10. O-O O-O 11. Rad1 Nbd7 12. a3 Rc8 13. Rfe1 Kh8 14. Re2 Rg8 15.
Qe1 g5 16. g4 Ne5 17. h3 d5 18. Rf2 Nxd3 19. cxd3 e5 20. Nf5 d4 21. Nh6 Rg7 22.
Bxg5 dxc3 23. bxc3 Qa5 24. Bd2 Qxa3 25. Ra1 Qc5 26. Kh2 Rc7 27. Nf5 Rg8 28. Nh6
Rf8 29. Nf5 Bc8 30. Rg2 Rg8 31. Nh6 Rg7 32. Kh1 Qd6 33. Qe2 Rc6 34. Kh2 Ng8 35.
Nxg8 Rxg8 36. Kh1 Bg5 37. Bxg5 Rxg5 38. Qd2 Rg8 39. Rc1 a5 40. Kh2 a4 41. Qd1
Be6 42. Rg1 Rd8 43. Qd2 Qxd3 44. Qg5 Qd2+ 45. Qxd2 Rxd2+ 46. Kg3 Rd3 47. Rgd1
Rxd1 48. Rxd1 Rxc3 49. Rb1 Rb3 0-1

[Event "Brno festival"]
[Site "?"]
[Date "2015.08.27"]
[Round "6"]
[White "Zikan, Karel"]
[Black "Hruza, Dominik"]
[Result "0-1"]
[WhiteElo "1735"]
[BlackElo "1652"]
[PlyCount "36"]

1. Nf3 d5 2. d4 Nf6 3. c4 c6 4. Nc3 a6 5. cxd5 cxd5 6. Bf4 Nc6 7. e3 Bf5 8. Rc1
e6 9. Bd3 Bxd3 10. Qxd3 Bd6 11. Bxd6 Qxd6 12. O-O O-O 13. a3 Rac8 14. Na4 Na5
15. Ne5 Nc4 16. Nxc4 dxc4 17. Rxc4 {Diagram #} Ng4 18. g3 Ne5 0-1

[Event "Brno festival"]
[Site "?"]
[Date "2015.08.27"]
[Round "6"]
[White "Glacner, Karel"]
[Black "Lisik, Miroslav"]
[Result "0-1"]
[WhiteElo "1550"]
[BlackElo "1692"]
[PlyCount "76"]

1. Nf3 Nf6 2. c4 e6 3. g3 g6 4. Bg2 Bg7 5. d4 d5 6. Ne5 O-O 7. b3 Nbd7 8. Bg5
h6 9. Bf4 c5 10. Qd2 g5 11. Be3 cxd4 12. Bxd4 Nxe5 13. Bxe5 Ne4 14. Qd4 Qa5+
15. Kf1 f6 16. Bxe4 fxe5 17. Qd2 Qxd2 18. Nxd2 dxe4 19. Nxe4 Bd7 20. Kg2 Bc6
21. f3 g4 22. Rhf1 gxf3+ 23. exf3 Rad8 24. Rad1 Rd4 25. Rxd4 exd4 26. Nc5 e5
27. b4 b6 28. Ne6 Re8 29. Nxg7 Kxg7 30. b5 Bb7 31. Rd1 Rf8 32. Rd3 Rc8 33. Ra3
Rxc4 34. Rxa7 Rc7 35. Kf1 Kf6 36. h4 {(R)} h5 37. Ke1 Kf5 38. Ra4 Bxf3 0-1

[Event "Brno festival"]
[Site "?"]
[Date "2015.08.27"]
[Round "6"]
[White "Vavrinkova, Anna"]
[Black "Tajovsky, Matej"]
[Result "0-1"]
[WhiteElo "1399"]
[BlackElo "1556"]
[PlyCount "72"]

1. e4 c5 2. Nf3 Nc6 3. d4 cxd4 4. Nxd4 Nf6 5. Nc3 d6 6. Bb5 Bd7 7. Be3 a6 8.
Nxc6 bxc6 9. Bc4 e6 10. O-O Be7 11. Re1 O-O 12. Qd3 a5 13. a4 Ng4 14. Bf4 Qb6
15. Qg3 e5 16. Bc1 Qd8 17. Qf3 Bh4 18. g3 Bg5 19. Bxg5 Qxg5 20. h3 Nf6 21. Kg2
Nh5 22. Kh2 Kh8 23. Rad1 f5 24. Rxd6 f4 25. g4 Nf6 26. Rg1 Qh4 27. g5 Ng4+ 28.
Kg2 Bc8 29. Rxc6 Nxf2 30. Be6 Bb7 {Diagram #} 31. Rc5 Nxe4 32. Nxe4 Bxe4 33.
Qxe4 f3+ 34. Qxf3 Rxf3 35. Kxf3 Rf8+ 36. Kg2 Rf2+ 0-1

[Event "Brno festival"]
[Site "?"]
[Date "2015.08.27"]
[Round "6"]
[White "Koci, Tereza"]
[Black "Feldvabl, Vilem"]
[Result "1/2-1/2"]
[WhiteElo "1621"]
[BlackElo "1628"]
[PlyCount "29"]

1. d4 d5 2. Nf3 Bf5 3. c4 e6 4. cxd5 exd5 5. Nc3 c6 6. Bf4 Bd6 7. Bxd6 Qxd6 8.
e3 Nf6 9. Bd3 Bxd3 10. Qxd3 O-O 11. O-O Nbd7 12. Rab1 Rfe8 13. h3 h6 14. Nd2
Qe7 15. b4 {(R)} 1/2-1/2

[Event "Brno festival"]
[Site "?"]
[Date "2015.08.28"]
[Round "7"]
[White "Roubalik, Jakub"]
[Black "Polak, Tomas"]
[Result "1/2-1/2"]
[WhiteElo "2379"]
[BlackElo "2524"]
[PlyCount "20"]

1. d4 Nf6 2. c4 e6 3. Nf3 Bb4+ 4. Nbd2 b6 5. a3 Bxd2+ 6. Bxd2 Bb7 7. Bg5 h6 8.
Bh4 d6 9. e3 Nbd7 10. Be2 Qe7 1/2-1/2

[Event "Brno festival"]
[Site "?"]
[Date "2015.08.28"]
[Round "7"]
[White "Zwardon, Vojtech"]
[Black "Strebkovs, Andrejs"]
[Result "1/2-1/2"]
[WhiteElo "2398"]
[BlackElo "2358"]
[PlyCount "33"]

1. c4 e6 2. Nc3 d5 3. d4 Be7 4. Nf3 Nf6 5. Bg5 h6 6. Bh4 O-O 7. e3 Ne4 8. Bxe7
Qxe7 9. cxd5 Nxc3 10. bxc3 exd5 11. Bd3 c5 12. O-O Nc6 13. c4 dxc4 14. Bxc4
cxd4 15. Nxd4 Bd7 16. Bd5 Rad8 17. Bxc6 1/2-1/2

[Event "Brno festival"]
[Site "?"]
[Date "2015.08.28"]
[Round "7"]
[White "Chudinovskikh, Alexander"]
[Black "Novosadova, Kristyna"]
[Result "1/2-1/2"]
[WhiteElo "2275"]
[BlackElo "2226"]
[PlyCount "134"]

1. e4 e5 2. Nf3 Nc6 3. Bc4 Nf6 4. d3 Bc5 5. O-O O-O 6. Nbd2 d5 7. exd5 Nxd5 8.
Re1 f6 9. c3 Kh8 10. d4 Be7 11. dxe5 Nxe5 12. Nxe5 fxe5 13. Nf3 c6 14. Nxe5 Bc5
15. Be3 Bd6 16. Qh5 Kg8 17. Bd4 Bf5 18. g4 Bc2 19. Re2 Ba4 20. Rae1 Bb5 21.
Bxb5 cxb5 22. Ng6 Bxh2+ 23. Kxh2 hxg6 24. Qxg6 Rf7 25. Re4 Qc7+ 26. Kg1 Nf4 27.
Re8+ Rf8 28. Rxf8+ Rxf8 29. Qe4 Qf7 30. Re3 Qd7 31. f3 Qf7 32. Qe5 Qg6 33. Re4
Nh3+ 34. Kg2 Ng5 35. Qd5+ Kh7 36. Re3 Qh6 37. Kg1 Qh4 38. Be5 Nh3+ 39. Kg2 Qf2+
40. Kxh3 Qxe3 41. Kg2 Qe2+ 42. Kg3 Qe1+ 43. Kg2 Qe2+ 44. Kg3 Qc4 45. Qxb7 Rf7
46. Qe4+ Qxe4 47. fxe4 Kg6 48. Bd4 a6 49. b3 Rf1 50. c4 bxc4 51. bxc4 Rc1 52.
c5 Rc4 53. Be3 Rxe4 54. Kf3 Ra4 55. Bf4 Rxa2 56. Ke4 Ra4+ 57. Ke5 Rc4 58. Be3
a5 59. Kd5 Rc2 60. c6 Kf7 61. Kd6 Ke8 62. c7 a4 63. Bd4 g6 64. g5 a3 65. Bf6 a2
66. Be5 Rc4 67. Bf6 Rc2 1/2-1/2

[Event "Brno festival"]
[Site "?"]
[Date "2015.08.28"]
[Round "7"]
[White "Vyskocil, Neklan"]
[Black "Pokorny, Petr"]
[Result "1-0"]
[WhiteElo "2376"]
[BlackElo "2164"]
[PlyCount "59"]

1. d4 d5 2. c4 e6 3. Nc3 c6 4. Nf3 dxc4 5. a4 Bb4 6. g3 c5 7. Bg2 Nc6 8. Be3
Nf6 9. dxc5 Qxd1+ 10. Rxd1 Ne4 11. Nd2 Nxc3 12. bxc3 Bxc3 13. Rc1 Bxd2+ 14.
Bxd2 Bd7 15. Rxc4 O-O-O 16. O-O Ne5 17. Rb4 Bc6 18. Bc3 Bxg2 19. Kxg2 Nc6 20.
Rg4 Rhg8 21. Rxg7 Rxg7 22. Bxg7 Rd2 23. Rc1 Rxe2 24. Rc4 Kd7 25. Rh4 e5 26.
Rxh7 Re4 27. h4 Rxa4 28. h5 Ke6 29. Rh6+ Ke7 30. Rf6 1-0

[Event "Brno festival"]
[Site "?"]
[Date "2015.08.28"]
[Round "7"]
[White "Fiala, Vaclav"]
[Black "Markovic, Ivan"]
[Result "1-0"]
[WhiteElo "2241"]
[BlackElo "2157"]
[PlyCount "41"]

1. e4 d6 2. d4 Nf6 3. Nc3 e5 4. Nf3 Nbd7 5. g4 exd4 6. Nxd4 Nc5 7. g5 Nfd7 8.
Be3 Ne5 9. f4 Bg4 10. Be2 Bxe2 11. Qxe2 Ned7 12. O-O-O c6 13. e5 dxe5 14. Nf5
g6 15. Bxc5 gxf5 16. Rxd7 Qxd7 17. Qxe5+ Qe6 18. Qxh8 O-O-O 19. Bxf8 Qe3+ 20.
Kb1 Qf3 21. Re1 1-0

[Event "Brno festival"]
[Site "?"]
[Date "2015.08.28"]
[Round "7"]
[White "Dvorak, Adam"]
[Black "Popper, Tomas"]
[Result "1-0"]
[WhiteElo "2230"]
[BlackElo "2034"]
[PlyCount "63"]

1. c4 Nf6 2. Nf3 e6 3. g3 d5 4. Bg2 Be7 5. O-O O-O 6. d4 c6 7. Qc2 Nbd7 8. Nbd2
Re8 9. e4 dxe4 10. Nxe4 Nxe4 11. Qxe4 Nf6 12. Qe2 Bf8 13. Rd1 h6 14. Ne5 Nd7
15. Qg4 Qf6 16. Bf4 Nxe5 17. dxe5 Qg6 18. Qe2 f6 19. Bf3 Qf7 20. Bxh6 fxe5 21.
Be3 Be7 22. Be4 g6 23. Qg4 Kg7 24. Rd3 Rg8 25. Rad1 Kf8 26. Rd8+ Bxd8 27. Rxd8+
Kg7 28. Bxg6 Rxd8 29. Bh6+ Kg8 30. Bxf7+ Kxf7 31. Qg7+ Ke8 32. Bg5 1-0